00359nam a2200109Ia 4500008004100000100002000041245006900061245002700130260000900157650002800166856005500194160523s9999 xx 000 0 und d aTulloch, Mitch. aMicrosoft System Center: Building a Virtualized Network Solution c Mitch Tulloch, et al. c2014 xInformation Technology. uhttps://mva.microsoft.com/ebooks#?fbid=g_vXweSWc8v